Alicia en el país de las maravillas / (Record no. 141370)

MARC details
000 -CABECERA
campo de control de longitud fija 00926cam a22002774a 4500
003 - IDENTIFICADOR DEL NÚMERO DE CONTROL
campo de control UPN
005 - FECHA Y HORA DE LA ÚLTIMA TRANSACCIÓN
campo de control 20240806064016.0
008 - ELEMENTOS DE LONGITUD FIJA--INFORMACIÓN GENERAL
campo de control de longitud fija 090213s2004 es r 000 f spa d
020 ## - NÚMERO INTERNACIONAL NORMALIZADO PARA LIBROS
Número Internacional Estándar del Libro 8478447601
035 ## - NÚMERO DE CONTROL DEL SISTEMA
Número de control de sistema UPN01000169264
040 ## - FUENTE DE LA CATALOGACIÓN
Centro catalogador/agencia de origen UPN
Lengua de catalogación spa
Centro/agencia transcriptor UPN
049 ## - COLECCIÓN
Colección CG
050 #4 - SIGNATURA TOPOGRÁFICA DE LA BIBLIOTECA DEL CONGRESO
Número de clasificación PR4611 A3
Número de documento/Ítem A48 2004m
100 1# - ASIENTO PRINCIPAL--NOMBRE PERSONAL
Nombre de persona Carroll, Lewis,
Fechas asociadas al nombre 1832-1898
9 (RLIN) 30250
245 10 - MENCIÓN DE TÍTULO
Título Alicia en el país de las maravillas /
Mención de responsabilidad, etc. Lewis Carroll ; traducción de Jaime de Ojeda ; invitación y actividades de Tomás Miranda Alonso.
260 ## - PUBLICACIÓN, DISTRIBUCIÓN, ETC.
Lugar de publicación, distribución, etc. Madrid :
Nombre del editor, distribuidor, etc. Siruela,
Fecha de publicación, distribución, etc. 2004.
300 ## - DESCRIPCIÓN FÍSICA
Extensión 195 páginas
490 0# - MENCIÓN DE SERIE
Mención de serie Escolar de filosofía
534 ## - NOTA SOBRE LA VERSIÓN ORIGINAL
Frase introductoria Traducción de:
Mención de título del original Alice's adventures in wonderland
650 #4 - ASIENTO SECUNDARIO DE MATERIA - TERMINO TEMATICO
Término de materia o nombre geográfico como elemento de entrada Literatura inglesa
9 (RLIN) 5228
650 #4 - ASIENTO SECUNDARIO DE MATERIA - TERMINO TEMATICO
Término de materia o nombre geográfico como elemento de entrada Literatura fantástica
9 (RLIN) 8755
700 1# - ASIENTO SECUNDARIO--NOMBRE DE PERSONAL
Nombre de persona Ojeda y Eiseley, Jaime de,
Fechas asociadas al nombre 1933-
Término indicativo de función/relación traductor
9 (RLIN) 46286
905 ## - TIPO DE MATERIAL
Tipo de material Libro
942 ## - ELEMENTOS DE PUNTO DE ACCESO ADICIONAL (KOHA)
Fuente del sistema de clasificación o colocación Library of Congress Classification
Tipo de ítem Koha Libro
Holdings
Estado de retiro Estado de pérdida Fuente del sistema de clasificación o colocación Estado dañado No para préstamo Código de colección Localización permanente Ubicación/localización actual Ubicación en estantería Fecha de adquisición Total de préstamos Clasificación Código de barras En préstamo Fecha visto por última vez Fecha del último préstamo Tipo de ítem Koha
    Library of Congress Classification     Colección General Bib. Gregorio Torres Quintero Bib. Gregorio Torres Quintero Planta baja 12/09/2022 6 PR4611 A3 A48 2004m AP745 22/04/2026 25/03/2026 25/03/2026 Libro